[Event "EU-ch 12th"]
[Site "Aix les Bains"]
[Date "2011.03.26"]
[Round "5"]
[White "Gritsak, Orest"]
[Black "Caruana, Fabiano"]
[Result "1/2-1/2"]
[WhiteElo "2539"]
[BlackElo "2716"]
[PlyCount "45"]
[EventDate "2011.03.22"]
[EventType "swiss"]
[EventRounds "11"]
[EventCountry "FRA"]
[SourceTitle "CBM 142 Extra"]
[Source "ChessBase"]
[SourceDate "2011.06.27"]
[SourceVersion "1"]
[SourceVersionDate "2011.06.27"]
[SourceQuality "1"]
[TimeControl "40/5400+30:1800+30"]

1. Nf3 f5 2. g3 Nf6 3. Bg2 g6 4. d4 Bg7 5. c4 d6 6. Nc3 O-O 7. O-O Qe8 (7... c6
8. b3 Qa5 $5 9. Rb1 $5 (9. Qc2) (9. Bd2 Qc7 10. d5 Na6 11. Rc1 Nc5 12. Be3 a5
13. Bd4 Bd7 (13... e6 {Shipkov}) 14. Ne5 {Timofeev,A (2668)-Volokitin,A (2681)
EU-Cup 25th Ohrid 2009 (3.3) 0-1}) (9. Bb2 e5 10. dxe5 dxe5 11. e4 f4 12. gxf4
Nh5 $44) 9... e5 {Manoeuvre,A (2150)-Sorbe,S (2361) Syre Memorial op 32nd 2009
(4) 1-0} (9... Qxc3 $4 10. Bd2)) 8. d5 (8. b3 {L'alternative} c6 (8... e5 9.
dxe5 dxe5 10. e4 Nc6 11. Nd5 Qd7 12. exf5 e4 13. Ng5 gxf5 14. Be3 Ng4 15. Bc5
Re8 16. f3 exf3 (16... e3 17. Qe2 Bxa1 18. fxg4 $44)) 9. Ba3 Na6 10. Qd3 Rb8
11. Nd2 b5 12. cxb5 cxb5 13. Nd5 Nxd5 14. Bxd5+ e6 15. Bg2 b4 (15... Qd7 $5 {
[%cal Gc8b7]}) 16. Bb2 Nc7 {Savchenko,S (2480)-Malaniuk,V (2520) URS-ch FL56
Simferopol 1988 1/2}) 8... Na6 9. Rb1 Bd7 10. b4 c6 11. dxc6 bxc6 12. a3 Kh8 ({
RR} 12... Ng4 13. Bb2 f4 14. Ne4 Bxb2 15. Rxb2 fxg3 16. hxg3 Qf7 17. b5 Nc7 18.
c5 d5 19. bxc6 Bxc6 20. Neg5 Qf5 21. Bh3 h5 22. Qb1 e5 23. Bxg4 hxg4 24. Nxe5
Qxe5 25. Qxg6+ Qg7 26. Qxc6 Rf6 27. Qb7 {Novikov,I (2611)-Dzhumaev,M (2495)/
Korinthos 2000/EXT 2001/1-0 (36)}) (12... Nc7 {La grande ligne} 13. Bb2 Ne6 (
13... Rb8)) 13. Bb2 Rb8 14. Ba1 Ng4 {[%cal Ge7e5]} 15. e3 c5 {[%csl Rd5]} (
15... Nc7) 16. b5 Nc7 17. a4 $14 Be6 18. Qd3 (18. Nd2 Qf7 {[%csl Rc4]}) 18...
h6 19. Nd5 Bxd5 20. Bxg7+ Kxg7 21. cxd5 {[%csl Rc7,Re6]} Qf7 22. Rfd1 Qf6 23.
h3 (23. Nd2 {[%cal Gd2c4]} Ne5 24. Qc2) 1/2-1/2

[Event "EU-ch 12th"]
[Site "Aix les Bains"]
[Date "2011.03.27"]
[Round "6"]
[White "Caruana, Fabiano"]
[Black "Kabanov, Nikolai"]
[Result "1/2-1/2"]
[WhiteElo "2716"]
[BlackElo "2524"]
[PlyCount "87"]
[EventDate "2011.03.22"]
[EventType "swiss"]
[EventRounds "11"]
[EventCountry "FRA"]
[SourceTitle "CBM 142 Extra"]
[Source "ChessBase"]
[SourceDate "2011.06.27"]
[SourceVersion "1"]
[SourceVersionDate "2011.06.27"]
[SourceQuality "1"]
[TimeControl "40/5400+30:1800+30"]

1. Nf3 Nf6 2. c4 g6 3. Nc3 Bg7 4. g3 O-O 5. Bg2 d6 6. O-O e5 7. d4 {Retombe
sur une Est-Indienne} Nc6 8. d5 Ne7 9. c5 (9. e4 {La grande ligne} a5 10. Ne1
Nd7 11. Nd3 b6 12. a4 f5 13. f4 Nc5 {Matamoros Franco,C (2490)-Garrido
Dominguez,J (2213) Seville op 29th 2004 (9) 1-0} (13... fxe4 14. Nxe4 exf4 15.
Nxf4 $14 {[%csl Ge4,Re6,Gf4][%cal Ge4g5]})) 9... Ne8 10. cxd6 Nxd6 (10... cxd6)
11. e4 Bg4 (11... h6 12. Nd2 f5 13. b3 fxe4 14. Ncxe4 Nef5 15. Ba3 Rf7 16. Rc1
Kh7 17. Re1 Nb5 18. Bb2 Nbd4 19. Nc5 Rb8 20. Nd3 Rd7 21. Nxe5 Rxd5 22. Bxd5
Qxd5 23. Rxc7 Ne6 24. Rxg7+ Nexg7 25. Ne4 {1-0 Ivanov,I (2606)-Meyer,J (2519)/
Pasadena 1983/EXT 2002}) 12. Qd3 Bxf3 13. Bxf3 c5 $146 (13... f5 14. Bg2 fxe4
15. Nxe4 Nxe4 16. Qxe4 Nf5 17. Bd2 Nd6 18. Qc2 Qd7 19. Rae1 Rf7 20. Bc3 Re8 21.
Re2 Bf6 22. Rfe1 Rfe7 23. h4 Kg7 24. a4 Qf5 25. Bb4 Rf7 26. Kh2 g5 27. Qxf5
Nxf5 28. hxg5 {Johannsson,I-Bjornsson,T/Reykjavik 1964/MCD/1-0 (31)}) 14. a3 {
[%cal Gb2b4]} f5 {[%csl Gd6]} 15. Bg2 f4 $132 16. Bh3 {[%cal Gh3e6]} h5 17. Qe2
Bh6 18. b4 (18. Be6+ Kh7) 18... c4 19. a4 Kh7 20. Nb5 $1 {[%csl Re5][%cal
Gc1b2]} Nxb5 21. axb5 {[%csl Ra7][%cal Ge2c4,Ga1a2,Gf1a1]} Nc8 22. Bb2 (22.
Qxc4 Nd6 23. Qd3 fxg3 24. hxg3 Bxc1 25. Rfxc1 (25. Raxc1)) 22... Bg7 23. Qxc4
Nd6 24. Qd3 Qb6 {[%cal Gb6g1,Gd6b5]} 25. Ra5 {[%cal Gf1a1,Ga5b5]} Rae8 26. Be6
Re7 27. Raa1 Nxb5 28. Rac1 f3 $13 {[%csl Rg2]} 29. Rfe1 a6 30. Re3 Bh6 31. Rxf3
Rxf3 $2 {Se trompe dans l'ordre de coups probablement а cause du zeitnot} (
31... Bxc1) 32. Qxf3 Bxc1 33. Bxc1 $4 {L'italien n'était pas en forme dans le
tournoi et il rate un coup intermédiaire} (33. Bxe5 $3 {[%cal Gf3f8,Gf8e7,
Gf8h8]} Qd8 34. Qf6 $18 Bh6 35. Bf7 {[%csl Rg6]} Rxf7 36. Qxf7+) 33... Nd4 34.
Qf8 Rg7 35. Bg8+ Kh8 36. Be6+ Kh7 37. Bg8+ Kh8 38. Kg2 $4 {J'ai vérifié la
feuille partie qui correspond а l'enregistrement du plateau dgt} (38. d6 Rxg8
39. Qh6#) 38... Qc7 39. Be6+ Kh7 40. Bg8+ Kh8 41. Bg5 Qc2 42. Be6+ Kh7 43. Bg8+
Kh8 44. Be6+ 1/2-1/2

[Event "EU-ch 12th"]
[Site "Aix les Bains"]
[Date "2011.03.28"]
[Round "7"]
[White "Romanishin, Oleg M"]
[Black "Caruana, Fabiano"]
[Result "0-1"]
[WhiteElo "2530"]
[BlackElo "2716"]
[PlyCount "106"]
[EventDate "2011.03.22"]
[EventType "swiss"]
[EventRounds "11"]
[EventCountry "FRA"]
[SourceTitle "CBM 142 Extra"]
[Source "ChessBase"]
[SourceDate "2011.06.27"]
[SourceVersion "1"]
[SourceVersionDate "2011.06.27"]
[SourceQuality "1"]
[TimeControl "40/5400+30:1800+30"]

1. Nf3 Nf6 2. g3 d5 3. Bg2 g6 4. c4 Bg7 5. cxd5 Nxd5 6. O-O Nc6 7. Nc3 (7. d4 {
[%cal Ge2e4] Tranpose sur une Gruenfeld}) 7... Nb6 (7... O-O) 8. d3 O-O 9. Be3
Bg4 (9... e5) (9... h6) 10. Qd2 Rb8 $146 (10... Qd7 {Krylov,M (2482)-Vorobjov,
D (2249) Moscow-ch sf 2009 (2) 1/2}) 11. Bh6 Bxh6 12. Qxh6 Bxf3 13. Bxf3 Nd4 $1
$132 {[%csl Gd4,Re2]} 14. Bg2 e5 15. Rfd1 Qe7 16. e3 {[%csl Rd3]} Nf5 17. Qh3
c6 18. Qg4 Rfd8 19. Qe2 Nd7 20. Bh3 Nd6 21. Rac1 Nf6 22. e4 $6 {[%csl Rd3,Rd4]}
Nb5 {[%cal Gb5d4]} 23. Nxb5 cxb5 24. Rc3 (24. d4 $5 exd4 25. Bg2 a6 26. Rd3
Rbc8 27. Rcd1 $44) 24... Rd4 25. Rdc1 Qd6 26. Bf1 Qe6 27. Rc5 a6 28. a3 Rbd8
29. Qe3 Kg7 30. Qg5 Re8 31. Rc7 h6 32. Qe3 Re7 33. Qe1 Rxc7 34. Rxc7 Qb6 35.
Qc1 b4 36. a4 Rd6 37. a5 $1 Qxa5 38. Rxb7 Rd7 39. Rb8 Rd8 40. Rb7 Rd7 41. Rb8 (
41. Rxd7 Nxd7 42. Qc6 Nf8 43. d4 $1 exd4 44. Bc4 $44 {[%csl Rf7]}) 41... Rc7
42. Qe1 Nd7 43. Rd8 Rc1 44. Qxc1 Qxd8 45. Qc6 Nf6 46. Qxa6 Qd4 47. Qa2 Ng4 48.
b3 Nf6 49. Bh3 Qxd3 50. Bf1 Qd4 51. Bc4 Nxe4 52. Kg2 Nd2 53. Qc2 Qc3 0-1

[Event "EU-ch 12th"]
[Site "Aix les Bains"]
[Date "2011.03.30"]
[Round "8"]
[White "Caruana, Fabiano"]
[Black "Palac, Mladen"]
[Result "1/2-1/2"]
[WhiteElo "2716"]
[BlackElo "2586"]
[Annotator "Marchand,A/Primel,D"]
[PlyCount "85"]
[EventDate "2011.03.22"]
[EventType "swiss"]
[EventRounds "11"]
[EventCountry "FRA"]
[SourceTitle "CBM 142 Extra"]
[Source "ChessBase"]
[SourceDate "2011.06.27"]
[SourceVersion "1"]
[SourceVersionDate "2011.06.27"]
[SourceQuality "1"]
[TimeControl "40/5400+30:1800+30"]

1. d4 Nf6 2. c4 e6 3. g3 Bb4+ 4. Bd2 (4. Nc3) 4... Be7 (4... Qe7) (4... a5) 5.
Bg2 d5 {Retombe sur une Catalane} 6. Nf3 O-O 7. O-O Nbd7 8. Qc2 c6 {La
variante fermée} 9. Rd1 (9. Bf4) (9. b3) (9. Nc3) 9... b6 (9... Ne4 $5 10. Bf4
(10. Be1) (10. Ne1 f5 11. e3 g5 12. f3 Nd6 13. cxd5 {Khairullin,I (2617)-Ortiz
Suarez,I (2544) Capablanca Memorial Premier 45th 2010 (1) 1/2}) 10... f5) 10.
Bf4 (10. b3 Bb7) 10... Ba6 (10... Bb7 11. Nc3 dxc4 (11... Nh5 12. Bc1 f5 13. b3
Rc8 14. Bb2 Bd6 15. e3 Qe7 16. Ne2 Nhf6 17. Nf4 Ne4 18. Ne5 Nxe5 19. dxe5 Bb8
20. a4 g5 21. Nd3 g4) 12. Nd2 {[%cal Gd2c4]}) 11. Ne5 (11. b3 {La grande ligne}
Rc8 {[%cal Gc8c2]} 12. Nc3 $1 dxc4 13. e4 (13. Nd2 Nd5) 13... Qe8 14. Nd2)
11... Rc8 (11... Nxe5 12. dxe5 Nd7 (12... Nh5 13. Be3) 13. cxd5 cxd5 14. e4 Rc8
15. Nc3 d4 16. Rxd4 Qc7 17. Rad1 Rfd8 (17... Nxe5 18. Qa4 Bb7 19. Rd7) 18. h4
h6 19. h5 Nc5 20. Bf1) 12. Nc3 $1 (12. cxd5 cxd5 13. Nc6 Bb5 14. Nxe7+ Qxe7 15.
Nc3 a5 16. Rac1 Ba6 {Ponomariov,R (2737)-Grischuk,A (2756) Amber-blindfold
19th rapid 2010 (2) 1/2}) 12... Bxc4 (12... b5 13. c5 b4 14. Nb1 Nxe5 15. Bxe5
Bb5 16. Nd2 a5 (16... Bxe2 17. Re1 Bb5 18. a3 a5 19. axb4 axb4 20. Ra7 $44))
13. Nxc4 dxc4 14. e4 $44 {[%csl Gd4,Ge4,Gf4,Gg2]} b5 ({RR} 14... Bb4 15. a4 a5
16. Na2 b5 17. Nxb4 axb4 18. b3 Qe7 19. bxc4 e5 20. dxe5 Nxe5 21. c5 b3 22.
Qxb3 Qxc5 23. Rac1 Qe7 24. axb5 cxb5 25. Rxc8 Rxc8 26. Qxb5 Ng6 27. Bd6 Qa7 28.
e5 Nd7 29. Qb7 {Yevseev,D (2527)-Mokshanov,A (2372)/St Petersburg 2011/1-0 (54)
}) (14... Nh5 $5) 15. a4 (15. d5 $5 {[%cal Gd1d8]} cxd5 16. exd5 e5 17. d6 $5 {
[%csl Re7]} exf4 (17... Bxd6 18. Rxd6 exf4 19. Rad1 $36) 18. Nxb5 fxg3 19. hxg3
Rc5 20. dxe7 Qxe7 21. Nd6 {[%cal Gd6c4]} Nb6 22. Rd4 $11 (22. Nf5 Qe6)) 15...
a6 16. axb5 ({RR} 16. d5 cxd5 17. exd5 e5 18. Bg5 b4 ({RR} 18... Qb6 19. Ne4
Bc5 20. a5) 19. d6 bxc3 20. Qxc3 h6 21. Be3) 16... axb5 17. Ra6 $146 {Un plan
naturel mais d5 semble plus fort et d'ailleurs aucune partie n'a repris depuis
un an cette idée Ra6} (17. d5 cxd5 18. exd5 e5 19. Bg5 b4 20. d6 $36 {Wang Hao
(2722)-Efimenko,Z (2677) Sarajevo Bosna op 40th 2010 (10) 1/2}) 17... Nb6 18.
Ra7 {[%csl Ga7][%cal Ga7e7,Gd4d5]} (18. Rda1 $5 {[%cal Ga6a7]} b4 19. Ne2 c5 $1
$132 (19... Nh5 20. Be3)) 18... Ra8 $1 19. Rc7 (19. Rb7 $5 Nh5 20. Be3 {
[%cal Ge3b6,Gd4d5] C'est la grande différence avec Rc7 qui a été joué dans la
partie}) 19... Nh5 $132 {[%csl Rc7,Rf4]} 20. Rxc6 {Les Blancs sont contraint
de faire de l'équilibrisme et la position de l'italien n'est pas saine} Nxf4
21. gxf4 b4 22. Ne2 Rc8 (22... Ra5 $5 {[%csl Gd5]}) 23. d5 $1 {[%cal Gd1d8]}
exd5 24. exd5 Bf6 25. Ng3 b3 26. Qe2 c3 27. bxc3 Na4 {[%csl Rc3] (=) Un bon
moment psychologique pour proposer la nulle} 28. Ne4 Nxc3 29. Nxc3 Bxc3 30. Bh3
(30. Be4 $5 {[%csl Rh7][%cal Ge2h5]}) 30... Rxc6 31. dxc6 Qb8 (31... Qb6 $5 {
[%cal Gb3b2,Gb6c6]}) 32. Qc4 b2 33. Rb1 Ba5 34. Qd4 Qc7 35. Bg2 Rb8 36. f5 {
[%cal Gf5f6]} (36. Rxb2 Rxb2 37. Qxb2 $11) 36... Rb4 {Recherche la nulle mais
Bb6 posait des problèmes aux Blancs} (36... Bb6 $1 {[%csl Rf2]} 37. Qe4 Qa7 {
[%csl Rf2]} 38. Qe2 Bd4 $15 {[%csl Gd4][%cal Gd4b2,Gd4f6]}) 37. Qe3 Qd8 38. Qe2
h6 39. Rxb2 Rxb2 40. Qxb2 Qd1+ 41. Bf1 Qg4+ 42. Bg2 Qd1+ 43. Bf1 1/2-1/2

[Event "EU-ch 12th"]
[Site "Aix les Bains"]
[Date "2011.03.31"]
[Round "9"]
[White "Postny, Evgeny"]
[Black "Caruana, Fabiano"]
[Result "1-0"]
[WhiteElo "2585"]
[BlackElo "2716"]
[Annotator "Postny,E"]
[PlyCount "93"]
[EventDate "2011.03.22"]
[EventType "swiss"]
[EventRounds "11"]
[EventCountry "FRA"]
[SourceTitle "CBM 142 Extra"]
[Source "ChessBase"]
[SourceDate "2011.06.27"]
[SourceVersion "1"]
[SourceVersionDate "2011.06.27"]
[SourceQuality "1"]

{Before the game I had 5/8, performing lower than my rating. So, my objective
chances of beating three very strong grandmasters in a row to qualify for
World Cup looked very low. Nevertheless, I didn't try to win the game at any
cost, but just intended to play normally and see what happened.} 1. d4 Nf6 2.
Nf3 g6 3. c4 Bg7 4. Nc3 d5 5. Bf4 {I didn't really expect Gruenfeld, so I
decided to go for the line which I hadn't played before, neutralising the
preparation of my opponent.} dxc4 6. e3 c5 7. dxc5 Qa5 8. Bxc4 O-O 9. O-O Qxc5
10. Bb3 Nc6 11. Rc1 Qa5 12. h3 Bf5 13. Qe2 Ne4 14. g4 {This is the latest
trend. The older main line 14.Nd5 recently failed to yield White any advantage.
} (14. Nd5 e5 15. Bh2 (15. Rxc6 bxc6 16. Ne7+ Kh8 17. Nxc6 Qb6 18. Ncxe5 Be6 {
has appeared in many games with satisfactory results for the second player.})
15... Be6 16. Rfd1 Rfd8 17. Qc4 Nf6 18. e4 Rac8 19. Ng5 Nd4 20. Ne7+ Kf8 21.
Nxe6+ Kxe7 22. Nxd8 Rxc4 23. Bxc4 Ne8 24. Nxf7 b5 25. Bd5 Ne2+ 26. Kh1 Nxc1 27.
Rxc1 Qd2 28. Rc8 Qxf2 29. Bg1 Qf1 30. Ra8 Nc7 31. Rxa7 Kd7 $11 {1/2-1/2
Kramnik,V (2788)-Kamsky,G (2723)/Moscow 2008/CBM 126 (38)}) 14... Nxc3 15. bxc3
Bd7 16. Rfd1 {The structure has become inferior for White, so his play must be
dynamic and concrete.} Rad8 17. Rd5 Qb6 {Recently, all attention has switched
to 17...Qa3, but the move in the text is also playable.} (17... Qa3 $1 {
The latest games have proved that this is the most precise way to equality.
For instance:} 18. Rcd1 Be6 19. Rxd8 Nxd8 20. Qb5 a6 21. Qb6 Bxb3 22. axb3 Ne6
23. Be5 Bxe5 24. Nxe5 Qc5 25. Qxc5 Nxc5 26. b4 Ne4 27. Rd7 {1/2-1/2
Tomashevsky,E (2699)-Svidler,P (2722)/Moscow RUS 2010/The Week in Chess 841})
18. Rb1 Bc8 $2 {In fact, only this is a mistake.} (18... e6 $1 19. Rdd1 (19.
Bc2 $6 Qxb1+ 20. Bxb1 exd5 $15) 19... Na5 20. Bc2 Qc6 21. Ne5 Qc8 $11) 19. Rg5
$1 {[%csl Rb6] This, seemingly awkward move, is very strong. Black's queen is
practically trapped. I can't promise that I would find it over the board, but,
in fact I knew it! In my annotations to the fascinating game
Mamedyarov-Sutovsky from the World team championship 2010 (CBM 134), I pointed
out this move as an improvement. Indeed, the work for ChessBase Magazine pays
off sometimes! :)} (19. Rb5 $2 Qa6 20. Bc4 Qa3 21. R5b3 Qc5 22. Rb5 Qa3 23.
R5b3 Qc5 24. Rb5 {1/2-1/2 Kasimdzhanov,R (2672)-Svidler,P (2739)/San Sebastian
2009/CBM 132}) 19... Be6 {After a long thought Caruana found the only
reasonable continuation, but, of course it's a serious concession by
definition.} (19... Qa6 20. Qxa6 bxa6 21. Rc5 {is unsatisfactory for Black, as
he is practically a pawn down in a worse position.}) 20. Rb5 (20. Qf1 Bxb3 21.
Rxb3 Qa6 22. Qxa6 bxa6 23. Rc5 {is an alternative way for an advantage, but
the move in the text is more tempting.}) 20... Qa6 21. Bxe6 fxe6 22. Ng5 $6 (
22. Qc4 {was more simple and strong.} Na5 (22... Rd5 23. a4 Na5 24. Qc7 Qc6 25.
Qxa5 Rxb5 (25... Bxc3 26. Qc7 Qxc7 27. Bxc7 Rxf3 28. Rxb7 $16) 26. Qxb5 Qxf3
27. Qd7 $16) 23. Qb4 b6 24. Ng5 (24. Qxe7 $6 Rfe8 25. Qb4 Qc8 $44) 24... e5 25.
Bxe5 Bxe5 26. Rxe5 Qe2 27. Rf1 Rd1 28. Rxd1 Qxd1+ 29. Kg2 Qd2 30. Ne4 Qxa2 31.
Qxe7 Nc6 32. Qe6+ Qxe6 33. Rxe6 {and White should win.}) ({I also considered} 
22. Qc2 $6 {with ideas like Nf3-g5xh7 followed by Rb5-h5+, but it's clear that
this is too slow.}) 22... Na5 23. a4 (23. Bc7 $6 Rd5 24. c4 $140 (24. Bxa5 Rxg5
$11) 24... Nxc4 $1 25. Qxc4 Rxg5 $11) 23... Rc8 $2 ({Black had to eliminate
the knight by} 23... Bf6 24. Qa2 (24. Ne4 $5) 24... Bxg5 25. Bxg5 Rf7 {Of
course, White is better, but nothing decisive.}) (23... Bxc3 $2 24. Ne4 Qc6 25.
Qc2 Bg7 26. Rc5 Qa6 27. Bc7 Rd5 28. Rxa5 Rxa5 29. Bxa5 Qxa5 30. Rxb7 $18) 24.
Qa2 $2 {I played this move quickly, as this was my plan after 23.a4.} (24. Qd3
$1 {Surprisingly, Black doesn't have a satisfactory reply.} Bf6 (24... Rxc3 25.
Qd7 Qc6 26. Qxe6+ Qxe6 27. Nxe6 $18) (24... Rfd8 25. Qe4 $18) 25. Nxh7 $1 Kxh7
26. Rh5+ Kg7 27. Qxa6 bxa6 28. Rxa5 Rc6 29. Rb7 $18) 24... Nc4 {Now my queen
on a2 is just misplaced.} 25. Rxb7 e5 26. Bg3 Qc6 $1 {Suddenly, Black's pieces
became active as well.} 27. Qc2 {Consuming a lot of time at this stage of the
game, I realised that I had spoiled most of my advantage.} (27. Rxe7 $6 {
I was trying to make this work, but it doesn't.} Bf6 28. Rxh7 (28. Re6 Qd5 $13)
28... Bxg5 29. Rbb7 Bf6 30. Qb1 Bh8 $13) 27... h6 28. Ne4 Kh8 29. R7b3 {
Everything backwards just in order to avoid the annoying fork on a3.} Rfd8 $6 (
{After} 29... Qxa4 30. Nd2 Nxd2 31. Qxd2 {the position is still in White's
favour, as Black's structural defects are permanent. Still, he should have
chosen this, because here, at least, the material is equal.}) 30. Ra1 a6 31.
Rbb1 $16 {Black has reached the maximum activity he could hope for, but there
is no way for him to advance. The mighty knight on e4 covers everything,
White's king is safe as well.} Rd7 32. Rd1 Rcd8 33. Rxd7 Rxd7 34. Kh2 {A
useful move in general, and also preparing the manoeuvre that followed...} g5
$6 {I didn't know how to provoke this, but Caruana played it voluntarily,
pleasantly surprising me. It's, however, easy to criticise, but very difficult
to suggest a constructive improvement.} (34... Kh7 35. h4 Kh8 36. Qb1 Nd6 37.
Nxd6 Rxd6 {with the idea to penetrate with the queen to f3. Perhaps, this
would give Black more chances.}) 35. Qb1 $1 Rb7 36. Qh1 $1 {The point.
Spinning around the knight, the queen is getting activated from the other side.
} Rb2 {This activity is illusory.} 37. Rd1 Rb8 (37... Nxe3 $2 38. Rd8+ Kh7 39.
Nxg5+ hxg5 40. Qxc6 $18) (37... Qxa4 $2 38. Rd8+ Kh7 39. Qf3 $18 {[%cal Rf3f5]}
) 38. h4 {Now my dreaming bishop also gets into play. White is winning.} gxh4
39. Bxh4 Qg6 40. Qf3 Rf8 41. Qg2 Rf7 (41... Nd6 42. Nxd6 exd6 43. Be7 $18) 42.
Rd7 Nb6 43. Rd8+ Kh7 44. Nc5 Bf6 {This loses quicker than I expected, but, the
best Black could do is to prolong the resistanse.} 45. Bxf6 Rxf6 46. a5 $1 Nc4
47. Nd7 {Followed by the fork on f8.} 1-0